00518nam a22001577a 450000500170000000800410001702000180005804100130007608200120008910000560010124500870015725000200024426000530026430000170031765000260033420231114064654.0231114b |||||||| |||| 00| 0 eng d a9780702120367 aEnglish  a345 SOU aHoctor, SV ; Cowling, MG and Milton, JRL lEnglish  aSouth African Criminal Law and Procedure / cSV Hoctor, MG Cowling and JRL Milton  aSecond Edition  aCape Town : bJuta and Company (Pty) Ltd, c1988 bx, c26 cm.  aLegal practice bLaw